[Event "Tilburg blitz"]
[Site "Tilburg"]
[Date "1994.??.??"]
[Round "1"]
[White "Greenfeld, Alon"]
[Black "Svidler, Peter"]
[Result "0-1"]
[WhiteElo "2600"]
[BlackElo "2550"]
[PlyCount "74"]
[EventDate "1994.09.??"]
[EventType "k.o. (blitz)"]
[EventRounds "7"]
[EventCountry "NED"]
[SourceTitle "CBM 044"]
[Source "ChessBase"]
[SourceDate "1995.02.01"]
[SourceVersion "1"]
[SourceVersionDate "1995.02.01"]
[SourceQuality "1"]

1. d4 d6 2. Nf3 Bg4 3. e4 Nf6 4. h3 Bh5 5. Qe2 a6 6. Nc3 e6 7. g4 Bg6 8. h4 h5
9. g5 Nfd7 10. Be3 c6 11. Bh3 d5 12. Nd2 Bb4 13. O-O O-O 14. f4 Bxc3 15. bxc3
dxe4 16. f5 exf5 17. Bxf5 Re8 18. Rab1 b5 19. Qh2 Nb6 20. Rbe1 Nd5 21. Kh1 Nxc3
22. Nb3 Nd5 23. Bg1 e3 24. Nc5 Bxf5 25. Rxf5 Nd7 26. Nb7 Qb6 27. Nd6 Qxd4 28.
Rxf7 Qg4 29. Re2 Ne5 30. Rg2 Qe6 31. Rf6 gxf6 32. gxf6+ Ng4 33. f7+ Kh7 34.
fxe8=Q Rxe8 35. Qg3 Rf8 36. c4 Nf4 37. Bxe3 Nxg2 0-1

[Event "Tilburg blitz"]
[Site "Tilburg"]
[Date "1994.??.??"]
[Round "1"]
[White "Svidler, Peter"]
[Black "Greenfeld, Alon"]
[Result "1-0"]
[WhiteElo "2550"]
[BlackElo "2600"]
[PlyCount "69"]
[EventDate "1994.09.??"]
[EventType "k.o. (blitz)"]
[EventRounds "7"]
[EventCountry "NED"]
[SourceTitle "CBM 044"]
[Source "ChessBase"]
[SourceDate "1995.02.01"]
[SourceVersion "1"]
[SourceVersionDate "1995.02.01"]
[SourceQuality "1"]

1. d4 d5 2. Nf3 c6 3. e3 Nf6 4. Bd3 Bg4 5. c4 e6 6. Qb3 Qb6 7. Ne5 Bh5 8. c5
Qc7 9. O-O Nfd7 10. f4 f6 11. Nxd7 Nxd7 12. e4 b6 13. exd5 exd5 14. Re1+ Be7
15. Qc2 bxc5 16. Nc3 Kf7 17. Be3 Bd6 18. g4 Bxg4 19. Qg2 h5 20. h3 Bxf4 21.
hxg4 Bxe3+ 22. Rxe3 cxd4 23. Nxd5 Qd6 24. Re7+ Kf8 25. gxh5 g5 26. Rxd7 Qxd7
27. Nxf6 Qe6 28. Ne4 Rxh5 29. Rf1+ Kg7 30. Qg3 Qe7 31. Nf6 Rah8 32. Nxh5+ Rxh5
33. Re1 Qd7 34. Qe5+ Kg8 35. Bf5 1-0

[Event "Tilburg rapid20"]
[Site "Tilburg"]
[Date "1994.??.??"]
[Round "1"]
[White "Svidler, Peter"]
[Black "Greenfeld, Alon"]
[Result "0-1"]
[WhiteElo "2550"]
[BlackElo "2600"]
[PlyCount "120"]
[EventDate "1994.09.??"]
[EventType "k.o. (rapid)"]
[EventRounds "7"]
[EventCountry "NED"]
[SourceTitle "CBM 044"]
[Source "ChessBase"]
[SourceDate "1995.02.01"]
[SourceVersion "1"]
[SourceVersionDate "1995.02.01"]
[SourceQuality "1"]

1. e4 c5 2. Nf3 Nc6 3. Nc3 d6 4. Bb5 e5 5. O-O Nge7 6. a3 g6 7. b4 Bg7 8. bxc5
dxc5 9. Bxc6+ Nxc6 10. Nd5 O-O 11. d3 f5 12. h3 Nd4 13. c4 Nxf3+ 14. Qxf3 fxe4
15. Qxe4 Bf5 16. Qe2 e4 17. dxe4 Bxe4 18. Bb2 Bxd5 19. Bxg7 Bxg2 20. Bxf8 Bxf1
21. Kxf1 Qf6 22. Rd1 Rxf8 23. Rd5 b6 24. Kg2 Rf7 25. Qe3 Kg7 26. a4 Re7 27. Qd3
Qf4 28. Rd7 Rxd7 29. Qxd7+ Qf7 30. Qg4 Qe8 31. Qf4 Qxa4 32. Qe5+ Kf7 33. Qf4+
Ke6 34. Qe4+ Kd6 35. Qf4+ Kc6 36. Qf6+ Kc7 37. Qe5+ Kb7 38. Qe7+ Ka6 39. Qxh7
Qc6+ 40. f3 Qe6 41. Qg7 Qe1 42. Qxg6 Qe2+ 43. Kg3 Qxc4 44. Qe4 Qc3 45. Qa4+ Qa5
46. Qc4+ Qb5 47. Qa2+ Kb7 48. Qf7+ Kb8 49. h4 c4 50. h5 Qg5+ 51. Kh3 c3 52. f4
Qd8 53. Qc4 Qc7 54. Qg8+ Kb7 55. Qd5+ Qc6 56. Qf7+ Kc8 57. Qf8+ Kc7 58. Qa3 c2
59. Qc1 Qf3+ 60. Kh4 Qd1 0-1

[Event "Olympiad-31"]
[Site "Moscow"]
[Date "1994.12.05"]
[Round "5.4"]
[White "Dydyshko, Viacheslav"]
[Black "Svidler, Peter"]
[Result "1-0"]
[WhiteElo "2510"]
[BlackElo "2550"]
[PlyCount "69"]
[EventDate "1994.12.01"]
[EventType "team-swiss"]
[EventRounds "14"]
[EventCountry "RUS"]
[SourceTitle "CBM 045"]
[Source "ChessBase"]
[SourceDate "1995.04.01"]
[SourceVersion "1"]
[SourceVersionDate "1995.04.01"]
[SourceQuality "1"]
[WhiteTeam "Belarus"]
[BlackTeam "Russia"]
[WhiteTeamCountry "BLR"]
[BlackTeamCountry "RUS"]

1. d4 Nf6 2. Nf3 g6 3. Bf4 Bg7 4. e3 O-O 5. Be2 c5 6. c3 d6 7. O-O b6 8. h3 Bb7
9. Nbd2 Nbd7 10. a4 a6 11. Bh2 Qc7 12. Qb1 Rac8 13. Re1 Bh6 14. e4 cxd4 15.
cxd4 e5 16. d5 Qc2 17. Bd3 Qxb1 18. Bxb1 Nh5 19. b3 Nc5 20. Ra3 f5 21. exf5
gxf5 22. Nc4 Rcd8 23. b4 Bxd5 24. Nxb6 Bxf3 25. Rxf3 e4 26. bxc5 exf3 27. c6
Bd2 28. Rd1 Ba5 29. Nd7 Rfe8 30. Bxf5 Kf7 31. Bxd6 Ng7 32. Bg4 Ne6 33. Bxf3 Bc7
34. Bxc7 Nxc7 35. Bh5+ 1-0

[Event "Olympiad-31"]
[Site "Moscow"]
[Date "1994.12.06"]
[Round "6.4"]
[White "Svidler, Peter"]
[Black "Kolev, Atanas"]
[Result "1/2-1/2"]
[WhiteElo "2550"]
[BlackElo "2495"]
[PlyCount "43"]
[EventDate "1994.12.01"]
[EventType "team-swiss"]
[EventRounds "14"]
[EventCountry "RUS"]
[SourceTitle "CBM 045"]
[Source "ChessBase"]
[SourceDate "1995.04.01"]
[SourceVersion "1"]
[SourceVersionDate "1995.04.01"]
[SourceQuality "1"]
[WhiteTeam "Russia"]
[BlackTeam "Bulgaria"]
[WhiteTeamCountry "RUS"]
[BlackTeamCountry "BUL"]

1. e4 e5 2. Nf3 Nc6 3. d4 exd4 4. Nxd4 Nf6 5. Nc3 Bb4 6. Nxc6 bxc6 7. Bd3 d5 8.
exd5 cxd5 9. O-O O-O 10. Bg5 c6 11. Ne2 h6 12. Bh4 Bd6 13. Nd4 c5 14. Nf3 Bg4
15. h3 Be6 16. c3 Rb8 17. Rb1 d4 18. cxd4 Bxa2 19. Ra1 Bd5 20. dxc5 Bxc5 21.
Ra6 Rb6 22. Rxb6 1/2-1/2

[Event "Olympiad-31"]
[Site "Moscow"]
[Date "1994.12.11"]
[Round "10.4"]
[White "Svidler, Peter"]
[Black "Rytshagov, Mikhail"]
[Result "1/2-1/2"]
[WhiteElo "2550"]
[BlackElo "2460"]
[PlyCount "71"]
[EventDate "1994.12.01"]
[EventType "team-swiss"]
[EventRounds "14"]
[EventCountry "RUS"]
[SourceTitle "CBM 045"]
[Source "ChessBase"]
[SourceDate "1995.04.01"]
[SourceVersion "1"]
[SourceVersionDate "1995.04.01"]
[SourceQuality "1"]
[WhiteTeam "Russia"]
[BlackTeam "Estonia"]
[WhiteTeamCountry "RUS"]
[BlackTeamCountry "EST"]

1. e4 c5 2. Nf3 d6 3. d4 Nf6 4. Nc3 cxd4 5. Nxd4 a6 6. Be3 e6 7. Be2 Be7 8. f4
O-O 9. Qd2 b5 10. Bf3 b4 11. Nce2 d5 12. e5 Ne4 13. Qd1 a5 14. Ng3 Bh4 15. Bxe4
dxe4 16. Qh5 g6 17. Qh6 Bb7 18. O-O-O Nd7 19. f5 Nxe5 20. Nxe6 Qf6 21. Nxf8
Rxf8 22. fxg6 hxg6 23. Rhf1 Qe7 24. Kb1 Ng4 25. Qf4 Nxe3 26. Qxe3 Bg5 27. Qb6
e3 28. Rde1 Bxg2 29. Rg1 Bh3 30. Qxa5 Rc8 31. Qb6 Ra8 32. Ne2 Be6 33. b3 Bf5
34. Nd4 Be4 35. h4 Bxh4 36. Rxe3 1/2-1/2

[Event "Olympiad-31"]
[Site "Moscow"]
[Date "1994.12.13"]
[Round "12.4"]
[White "Svidler, Peter"]
[Black "Yemelin, Vasily"]
[Result "1/2-1/2"]
[WhiteElo "2550"]
[BlackElo "2520"]
[PlyCount "30"]
[EventDate "1994.12.01"]
[EventType "team-swiss"]
[EventRounds "14"]
[EventCountry "RUS"]
[SourceTitle "CBM 045"]
[Source "ChessBase"]
[SourceDate "1995.04.01"]
[SourceVersion "1"]
[SourceVersionDate "1995.04.01"]
[SourceQuality "1"]
[WhiteTeam "Russia"]
[BlackTeam "Russia II"]
[WhiteTeamCountry "RUS"]
[BlackTeamCountry "RUS"]

1. e4 e5 2. Nf3 Nc6 3. d4 exd4 4. Nxd4 Bc5 5. Be3 Qf6 6. c3 Nge7 7. Bc4 Ne5 8.
Be2 Qg6 9. O-O d6 10. Kh1 O-O 11. Nd2 Ng4 12. Bf4 Nc6 13. f3 Nf6 14. Nc4 Be6
15. Be3 Nd7 1/2-1/2

[Event "Moscow"]
[Site "Moscow"]
[Date "1995.??.??"]
[Round "?"]
[White "Svidler, Peter"]
[Black "Sakaev, Konstantin"]
[Result "1/2-1/2"]
[WhiteElo "2585"]
[BlackElo "2535"]
[PlyCount "48"]
[EventDate "1995.??.??"]
[EventType "game"]
[EventRounds "1"]
[EventCountry "RUS"]
[SourceTitle "EXT 2010"]
[Source "ChessBase"]
[SourceDate "2010.11.25"]
[SourceVersion "1"]
[SourceVersionDate "2010.11.25"]
[SourceQuality "1"]

1. e4 c5 2. Nf3 d6 3. d4 cxd4 4. Nxd4 Nf6 5. Nc3 a6 6. Be3 e5 7. Nb3 Be6 8. f3
h5 9. Nd5 Nxd5 10. exd5 Bf5 11. a4 Nd7 12. a5 Rc8 13. Bd3 Bxd3 14. Qxd3 g6 15.
O-O Bg7 16. c4 O-O 17. Nd2 f5 18. Qa3 Qe7 19. Rac1 e4 20. fxe4 fxe4 21. Rfe1
Ne5 22. Bb6 Bh6 23. Be3 Bg7 24. Bb6 Bh6 1/2-1/2

[Event "YUG-chT"]
[Site "Tivat"]
[Date "1995.??.??"]
[Round "4"]
[White "Rublevsky, Sergei"]
[Black "Svidler, Peter"]
[Result "1-0"]
[WhiteElo "2595"]
[BlackElo "2635"]
[Annotator "Dolmatov,S"]
[PlyCount "65"]
[EventDate "1995.??.??"]
[EventType "team-swiss"]
[EventRounds "11"]
[EventCountry "YUG"]
[SourceTitle "CBM 048 Extra"]
[Source "ChessBase"]
[SourceDate "1995.11.01"]
[SourceVersion "1"]
[SourceVersionDate "1995.11.01"]
[SourceQuality "1"]

1. e4 c5 2. Nf3 Nc6 3. d4 cxd4 4. Nxd4 Nf6 5. Nc3 d6 6. Bc4 Qb6 7. Nb3 e6 8.
Bf4 Ne5 9. Be2 Be7 (9... a6 10. Bg3 {Ivanchuk,V-Kramnik,V/Linares/1993/}) 10.
Be3 Qc7 11. f4 (11. Nb5 Qc6 $13) 11... Nc4 (11... Nc6 12. Bf3 a6 13. O-O O-O
14. a4 b6 15. g4 Rb8 16. g5 Nd7 17. Bg2 $14 {Kasparov,G-Anand,V/Linares/1994/})
12. Bxc4 (12. Nb5 Qc6 13. Bxc4 Qxc4 14. Qd3 $14) 12... Qxc4 13. Qf3 e5 (13...
O-O 14. O-O-O Bd7 15. e5 Bc6 16. exf6 Bxf3 17. fxe7 Bxd1 18. exf8=Q+ Kxf8 19.
Rxd1 Qc6 $132) 14. f5 b5 15. Nd2 (15. Bg5 $6 b4 16. Bxf6 bxc3 17. Bxg7 cxb2 18.
Rb1 Rg8 19. f6 Bd8 $15) 15... Qc6 (15... Qb4 $2 16. O-O-O $16) 16. Bg5 $1 (16.
a3 a5 17. O-O O-O 18. Nd5 Nxd5 19. exd5 Qxc2 20. Rac1 Qxb2 21. Rc7 Bf6 22. Ne4)
16... b4 (16... Bb7 17. Bxf6 Bxf6 18. Qd3 b4 19. Nd5 $16) 17. Nd5 (17. Bxf6 $2
bxc3) 17... Nxd5 18. exd5 Qxc2 19. Bxe7 Kxe7 20. O-O f6 (20... Qxd2 $2 21. f6+
$18) 21. Qg4 g5 (21... g6 22. Ne4 Qxb2 23. Qh4 g5 24. Qh6 Rf8 25. Nxf6 Rxf6 26.
Qg7+ Rf7 27. f6+ Ke8 28. Qg8+ Rf8 29. f7+ Ke7 30. Qxg5+ $18) 22. Rf2 $44 Qc5 $2
(22... Qxb2 23. Rb1 (23. Nb3 Qc3 24. Rc1 Qd3 $1 25. Rc7+ Bd7) 23... Qxa2 24.
Qxb4 Qxd5) 23. h4 h5 (23... Rg8 24. Ne4 Qxd5 25. hxg5 $40) 24. Qe2 gxh4 25. Ne4
Qb6 (25... Qxd5 $2 26. Rd1 $16) 26. a3 b3 (26... h3 27. axb4 Bd7 28. Ra6) (
26... Bd7 27. axb4 Qxb4) 27. Qf3 Bd7 28. Rc1 h3 $2 (28... Rag8 $5 29. Rc4 Rg4
30. Rb4 Qc7 $132) 29. Qxh3 h4 30. Rc4 $1 a5 $2 (30... Rag8 31. Rb4 Qc7 32. Rxb3
Qc1+ 33. Rf1 Qc4) 31. Nxf6 $1 Kxf6 32. Rxh4 $18 Rhf8 33. Rh7 1-0

[Event "YUG-chT"]
[Site "Tivat"]
[Date "1995.??.??"]
[Round "9"]
[White "Sakaev, Konstantin"]
[Black "Svidler, Peter"]
[Result "1/2-1/2"]
[WhiteElo "2570"]
[BlackElo "2635"]
[PlyCount "31"]
[EventDate "1995.??.??"]
[EventType "team-swiss"]
[EventRounds "11"]
[EventCountry "YUG"]
[SourceTitle "CBM 048 Extra"]
[Source "ChessBase"]
[SourceDate "1995.11.01"]
[SourceVersion "1"]
[SourceVersionDate "1995.11.01"]
[SourceQuality "1"]

1. d4 d6 2. e4 Nf6 3. f3 e5 4. d5 Be7 5. Be3 O-O 6. c4 c6 7. Nc3 a6 8. Qd2 b5
9. Rd1 b4 10. Nce2 a5 11. Ng3 Na6 12. N1e2 cxd5 13. cxd5 Bd7 14. Nc1 Qb8 15.
Nb3 a4 16. Na5 1/2-1/2

[Event "YUG-chT"]
[Site "Tivat"]
[Date "1995.??.??"]
[Round "10"]
[White "Svidler, Peter"]
[Black "Ivanovic, Bozidar"]
[Result "1/2-1/2"]
[WhiteElo "2635"]
[BlackElo "2495"]
[PlyCount "21"]
[EventDate "1995.??.??"]
[EventType "team-swiss"]
[EventRounds "11"]
[EventCountry "YUG"]
[SourceTitle "CBM 048 Extra"]
[Source "ChessBase"]
[SourceDate "1995.11.01"]
[SourceVersion "1"]
[SourceVersionDate "1995.11.01"]
[SourceQuality "1"]

1. e4 e5 2. Nf3 Nc6 3. d4 exd4 4. Nxd4 Bc5 5. Be3 Bxd4 6. Bxd4 Nf6 7. Nc3 O-O
8. Bxf6 Qxf6 9. Qd2 d5 10. O-O-O dxe4 11. Nxe4 1/2-1/2

[Event "YUG-chT"]
[Site "Tivat"]
[Date "1995.??.??"]
[Round "11"]
[White "Nevednichy, Vladislav"]
[Black "Svidler, Peter"]
[Result "0-1"]
[WhiteElo "2480"]
[BlackElo "2635"]
[PlyCount "67"]
[EventDate "1995.??.??"]
[EventType "team-swiss"]
[EventRounds "11"]
[EventCountry "YUG"]
[SourceTitle "CBM 048 Extra"]
[Source "ChessBase"]
[SourceDate "1995.11.01"]
[SourceVersion "1"]
[SourceVersionDate "1995.11.01"]
[SourceQuality "1"]

1. e4 d6 2. d4 Nf6 3. f3 g6 4. c4 Bg7 5. Nc3 O-O 6. Bg5 Nc6 7. Nge2 a6 8. Qd2
Rb8 9. Rc1 Bd7 10. h4 h5 11. b3 Re8 12. g3 e5 13. d5 Nd4 14. Nxd4 exd4 15. Ne2
c5 16. Bg2 b5 17. O-O bxc4 18. bxc4 Qb6 19. Bf4 Ba4 20. Qd3 Nd7 21. Qa3 Qb4 22.
Qxb4 Rxb4 23. Bxd6 d3 24. Nf4 d2 25. Rcd1 Bd4+ 26. Kh2 Be3 27. Bh3 Bxd1 28.
Bxd7 Bxf3 29. Bxe8 d1=Q 30. Rxd1 Rb2+ 31. Ng2 Rxg2+ 32. Kh3 Rf2 33. g4 hxg4+
34. Kg3 0-1

[Event "Haifa"]
[Site "Haifa"]
[Date "1995.??.??"]
[Round "1"]
[White "Akopian, Vladimir Eduardovic"]
[Black "Svidler, Peter"]
[Result "1-0"]
[WhiteElo "2655"]
[BlackElo "2585"]
[Annotator "Ftacnik,L"]
[PlyCount "79"]
[EventDate "1995.01.??"]
[EventType "tourn"]
[EventRounds "11"]
[EventCountry "ISR"]
[EventCategory "14"]
[SourceTitle "CBM 046"]
[Source "ChessBase"]
[SourceDate "1995.06.01"]
[SourceVersion "1"]
[SourceVersionDate "1995.06.01"]
[SourceQuality "1"]

1. d4 Nf6 2. c4 g6 3. g3 Bg7 4. Bg2 d5 5. cxd5 Nxd5 6. e4 Nb4 7. a3 N4c6 8. d5
Nd4 9. Ne2 (9. Nc3 c5 (9... O-O 10. Be3 (10. f4 e5 11. h4 c5 12. h5 Qb6 13. Rb1
Nd7 14. h6 Bh8 15. f5 gxf5 16. exf5 Nxf5 17. Rh5 Ne7 18. d6 Ng6 19. Bg5 c4 20.
Nge2 Nc5 21. Kf1 Nd3 22. Ne4 f5 23. Nf6+ {Lau,D-Pielnik,R/Dortmund op-A (10)/
1993/0-1 (23)}) 10... c5 11. Nge2 e5 12. O-O a5 13. h3 b6 14. f4 Ba6 15. Rf2
Nd7 16. f5 Qe7 17. a4 Rab8 18. Bf1 Rbd8 19. g4 Bxe2 20. Nxe2 Qh4 21. Bg2 Bh6
22. Bxh6 Qxh6 23. Ra3 Nf6 24. Qf1 {Epishin,V-Babula,V/Brno (02)/1994/0.5 (41)})
10. Nge2 O-O 11. O-O Na6 $5 12. Rb1 e5 13. b4 b6 14. f4 Nxe2+ 15. Nxe2 Qd6 $13
{Deak,S-Mikhalchishin,A/Budapest/1990/}) (9. Nf3 Nxf3+ 10. Qxf3 O-O 11. O-O e6
12. Qb3 exd5 13. exd5 Nd7 14. Be3 Ne5 {Sekulic,D-Dzhandzhava,L/Belgrade GMA-op/
1988/0.5 (14)}) 9... Bg4 (9... c5 10. O-O O-O 11. Nxd4 cxd4 12. Nd2 Na6 13. b4
Nc7 14. Bb2 Nb5 15. Nb3 Qb6 16. Rc1 e6 17. Re1 e5 18. Nc5 Bh6 19. Rc2 Nd6 20.
f4 f6 21. Rf2 a5 22. Qb3 axb4 23. axb4 Re8 24. Ref1 {Shirov,A-Gavrikov,V/
URS-FL56 Klaipeda/1988/0.5 (31)}) 10. Nbc3 Nf3+ 11. Kf1 Nd4 (11... O-O $2 12.
h3 Bh5 13. g4 $18) 12. h3 Nxe2 13. Nxe2 (13. hxg4 Nxc3 14. bxc3 Bxc3 15. Rb1 b6
$13) 13... Bc8 (13... Bxe2+ 14. Qxe2 O-O 15. Be3 $14) 14. Qb3 c6 15. Be3 O-O
16. Kg1 b6 (16... cxd5 17. exd5 Nd7 18. Rc1 Nf6 19. Kh2 $14) 17. Kh2 Bb7 18.
Rhd1 Qe8 (18... cxd5 19. exd5 Nd7 20. Nd4 Nc5 21. Qa2 $16) 19. Rac1 Na6 20. Nd4
cxd5 (20... c5 21. Nc6 Bxc6 22. dxc6 e5 23. Bf1 $16) 21. exd5 Nc5 22. Qc2 e5 (
22... e6 23. b4 Na6 24. dxe6 Bxg2 25. Kxg2 fxe6 26. Qc4 $16) 23. Nc6 Nd7 (23...
e4 24. Bxc5 bxc5 25. Bxe4 $16) 24. Ne7+ $5 Qxe7 (24... Kh8 25. Qc7 Ba6 26. d6
Rd8 27. Qxa7 $16) 25. d6 Qf6 26. Bxb7 Rad8 (26... Rab8 27. Qc7 $16) 27. b4 h6
28. Qd3 Rfe8 29. Rc7 e4 (29... Kh7 30. Bc6 e4 31. Qb3 $18) 30. Bxe4 Ne5 31. Qc2
(31. Qd2 Re6) 31... Rxd6 32. Rxd6 Qxd6 33. Rxa7 Qe6 34. Qd1 h5 (34... Ng4+ 35.
Qxg4 Qxg4 36. hxg4 Rxe4 37. Bxb6 $18) 35. Qd5 Qf6 (35... Ng4+ 36. hxg4 Qxe4 37.
Qxe4 Rxe4 38. gxh5 gxh5 39. Bxb6 $18) 36. Kg2 h4 37. g4 Kh7 38. g5 Qe6 39. Qxe6
Rxe6 (39... fxe6 40. Bd4 $18) 40. Bd5 (40. Bd5 Rd6 41. Bxf7 $18) 1-0

[Event "St Petersburg-ch"]
[Site "St Petersburg"]
[Date "1995.??.??"]
[Round "3"]
[White "Svidler, Peter"]
[Black "Taimanov, Mark E"]
[Result "1-0"]
[WhiteElo "2585"]
[BlackElo "2505"]
[PlyCount "87"]
[EventDate "1995.04.??"]
[EventType "tourn"]
[EventRounds "12"]
[EventCountry "RUS"]
[EventCategory "9"]
[SourceTitle "CBM 047"]
[Source "ChessBase"]
[SourceDate "1995.08.01"]
[SourceVersion "1"]
[SourceVersionDate "1995.08.01"]
[SourceQuality "1"]

1. e4 c5 2. Nf3 e6 3. c3 Nf6 4. e5 Nd5 5. Bc4 d6 6. d4 cxd4 7. cxd4 dxe5 8.
dxe5 Bb4+ 9. Nbd2 Nb6 10. O-O Nxc4 11. Qa4+ Nc6 12. Nxc4 Qd3 13. Nd6+ Bxd6 14.
Rd1 Qa6 15. Qxa6 bxa6 16. exd6 e5 17. Be3 Bd7 18. Nd2 f5 19. Nb3 f4 20. Bd2 Rb8
21. Re1 Rf8 22. Nc5 Rxb2 23. Bc3 Rb5 24. Bxe5 Kd8 25. Rac1 Nxe5 26. Rxe5 Rf5
27. Nxd7 Rfxe5 28. Nxe5 Rxe5 29. h4 Kd7 30. Rc7+ Kxd6 31. Rxg7 Re1+ 32. Kh2 Re2
33. f3 Rxa2 34. Rxh7 a5 35. Rxa7 Kc6 36. h5 Kb6 37. Rf7 Ra4 38. Kh3 Rd4 39. Kg4
a4 40. h6 a3 41. Rf8 a2 42. Ra8 Rd2 43. h7 Rxg2+ 44. Kh3 1-0

[Event "St Petersburg-ch"]
[Site "St Petersburg"]
[Date "1995.??.??"]
[Round "6"]
[White "Gubanov, Anton"]
[Black "Svidler, Peter"]
[Result "0-1"]
[WhiteElo "2420"]
[BlackElo "2585"]
[Annotator "Svidler,P"]
[PlyCount "54"]
[EventDate "1995.04.??"]
[EventType "tourn"]
[EventRounds "12"]
[EventCountry "RUS"]
[EventCategory "9"]
[SourceTitle "CBM 047"]
[Source "ChessBase"]
[SourceDate "1995.08.01"]
[SourceVersion "1"]
[SourceVersionDate "1995.08.01"]
[SourceQuality "1"]

1. e4 {Horvath,T} c5 2. Nf3 Nc6 3. Bb5 g6 4. O-O Bg7 5. c3 Nf6 6. Re1 O-O 7. d4
d5 $1 8. exd5 $6 (8. e5 $142 Ne4 9. Nbd2 (9. h3 {Horvath,T} Qb6 10. Bxc6 bxc6
11. Nbd2 Nxd2 12. Bxd2 cxd4 13. cxd4 Qxb2 $17 {Jozsa-Meszaros/Hungary/1995})
9... Qb6 $5 10. Bxc6 Qxc6 11. dxc5 Nxc5 12. Nb3 Bg4 $13) 8... Qxd5 9. c4 (9.
Bxc6 $2 Qxc6 10. Rxe7 Be6 $1 {Torotto-Salai/Sala/1994} (10... Bg4 11. h3 Bxf3
12. Qxf3 Nd5 13. Re1 cxd4 $15) 11. Ne5 Qb6 $17) 9... Qd6 $15 10. d5 $6 (10.
dxc5 $142 Qxc5 (10... Qxd1 $5 11. Rxd1 Ne4 $132) 11. Nc3 Bg4 12. Be3 Qh5 $15)
10... Nd4 $1 $17 (10... Na5 $6 {Anand,V-Kramnik,V/Moscow PCA 5'/1994/0,5/71/})
(10... Ne5 {Horvath,T} 11. Na3 a6 12. Ba4 b5 $13 {Degraeve-Rotstein/Paris/1992}
) 11. Nxd4 (11. Ba4 {Horvath,T} Bg4 12. Nbd2 a6 {/\b5~/=}) 11... cxd4 12. h3 $6
(12. Qxd4 Ng4 13. Qf4 Qxf4 14. Bxf4 Bxb2 15. Nd2 Bxa1 16. Rxa1 a6 17. Ba4 b5
18. cxb5 axb5 19. Bxb5 Bb7 $17) (12. b3 {/\ 13.Ba3} Ng4 $1 13. g3 d3 $19) (12.
Nd2 $5 a6 (12... e5 $5 13. dxe6 Bxe6 $15) 13. Ba4 b5 14. cxb5 axb5 15. Bxb5
Nxd5 $17) 12... a6 13. Ba4 b5 14. cxb5 axb5 15. Bxb5 Qxd5 16. Be2 (16. Bf1 e5 (
16... Rxa2 17. Nc3 $1 dxc3 18. Qxd5 Nxd5 (18... Rxa1 19. Qb3 $10) 19. Rxa2 Nb4
20. Ra4 cxb2 21. Bxb2 Bxb2 22. Rxb4 Bc3 $15) 17. Nd2 Ba6 $1 $17) 16... e5 (
16... Rxa2 17. Nc3 dxc3 18. Qxd5 Nxd5 19. Rxa2 Nb4 20. Ra4 cxb2 (20... Nc2 21.
Rd1 cxb2 22. Bxb2 Bxb2 23. Ra2 $10) 21. Bxb2 Bxb2 22. Rxb4 Bc3 $15) 17. Bg5 (
17. Nd2 e4 $1 18. Bc4 Qc5 19. b3 e3 $1 $17) 17... Rxa2 $1 18. Bf3 (18. Bxf6
Rxa1 $19) (18. Nc3 dxc3 19. Qxd5 Rxa1 $1 $19) 18... e4 (18... Qa5 19. Rxa2 Qxa2
20. Rxe5 Qxb2 $15) 19. Rxa2 (19. Bxf6 {Horvath,T} Rxa1 20. Bxe4 Qc5 $19) 19...
Qxg5 $1 (19... Qxa2 $2 20. Qxd4 $1 $13) (19... exf3 20. Bxf6 Bxf6 (20... Qxa2
21. Bxg7 Kxg7 22. Qxd4+ Kg8 23. Nd2 $1 fxg2 24. Ne4 $40) 21. Ra3 fxg2 22. Nc3
$1 Qb7 23. Ne4 Bg7 24. Rb3 $13) 20. Bxe4 $2 (20. Bg4 Nxg4 21. hxg4 e3 (21...
Bxg4 22. Qd2 $17) 22. f3 Rd8 23. Qd3 Be5 $19) (20. Rxe4 Nxe4 21. Bxe4 Bxh3 $17)
(20. Be2 {Horvath,T} Bxh3 21. Bf1 $17 Be6) 20... Nxe4 21. Rxe4 Bxh3 $19 22. g3
(22. Qf3 Qc1+ 23. Kh2 Qxb1 24. Ra7 Be6 $19) (22. Qf1 Qd5 $1 23. gxh3 Qxa2 $19)
22... Qd5 $1 23. Nc3 Qb7 24. f3 dxc3 25. bxc3 Bf5 26. Re3 Qb6 27. Qe1 Bxc3 $1 (
27... Bxc3 28. Qxc3 Qb1+ $19) 0-1

[Event "St Petersburg-ch"]
[Site "St Petersburg"]
[Date "1995.??.??"]
[Round "9"]
[White "Svidler, Peter"]
[Black "Yemelin, Vasily"]
[Result "1/2-1/2"]
[WhiteElo "2585"]
[BlackElo "2515"]
[PlyCount "79"]
[EventDate "1995.04.??"]
[EventType "tourn"]
[EventRounds "12"]
[EventCountry "RUS"]
[EventCategory "9"]
[SourceTitle "CBM 047"]
[Source "ChessBase"]
[SourceDate "1995.08.01"]
[SourceVersion "1"]
[SourceVersionDate "1995.08.01"]
[SourceQuality "1"]

1. e4 e5 2. Nf3 Nc6 3. d4 exd4 4. Nxd4 Nf6 5. Nxc6 bxc6 6. e5 Qe7 7. Qe2 Nd5 8.
Nd2 Nb4 9. Nf3 Ba6 10. c4 c5 11. a3 Nc6 12. Bd2 Qe6 13. Bc3 Be7 14. O-O-O f6
15. exf6 Qxe2 16. f7+ Kxf7 17. Bxe2 Rad8 18. Bd3 Bf6 19. Kc2 Bb7 20. Bxf6 Kxf6
21. Kc3 Ne7 22. b4 Bxf3 23. gxf3 cxb4+ 24. axb4 d5 25. Ra1 dxc4 26. Be4 Nc8 27.
Ra5 g6 28. Rc5 Nd6 29. Ra1 Rb8 30. Bc6 Rb6 31. Rxa7 Rhb8 32. Ra4 Ke6 33. Bd5+
Kd7 34. Bxc4 Nxc4 35. Rxc4 Rf8 36. f4 Rc6 37. b5 Rxc4+ 38. Rxc4 Rf6 39. Kb4 Kc8
40. Re4 1/2-1/2

[Event "St Petersburg-ch"]
[Site "St Petersburg"]
[Date "1995.??.??"]
[Round "10"]
[White "Karasev, Vladimir I"]
[Black "Svidler, Peter"]
[Result "1/2-1/2"]
[WhiteElo "2405"]
[BlackElo "2585"]
[PlyCount "64"]
[EventDate "1995.04.??"]
[EventType "tourn"]
[EventRounds "12"]
[EventCountry "RUS"]
[EventCategory "9"]
[SourceTitle "CBM 047"]
[Source "ChessBase"]
[SourceDate "1995.08.01"]
[SourceVersion "1"]
[SourceVersionDate "1995.08.01"]
[SourceQuality "1"]

1. d4 Nf6 2. c4 g6 3. Nc3 d5 4. Bg5 Bg7 5. Bxf6 Bxf6 6. cxd5 c6 7. e3 cxd5 8.
Bb5+ Kf8 9. Nge2 Kg7 10. Nf4 e6 11. O-O Qd6 12. Rc1 a6 13. Be2 Nc6 14. Nd3 Na5
15. Na4 b6 16. a3 Nc4 17. Nb4 Bd7 18. Bxc4 dxc4 19. Nc3 a5 20. Ne4 Qe7 21. Nxf6
Qxf6 22. Na2 Bc6 23. Qe2 Rac8 24. Rfd1 Rhd8 25. Nc3 b5 26. f3 Qe7 27. Ne4 e5
28. Qe1 Bxe4 29. fxe4 b4 30. axb4 axb4 31. dxe5 Qc5 32. Rd5 Rxd5 1/2-1/2